00307nam a2200097Ia 45000010005000000080041000050820019000461000033000652450095000982600016001934630241024s9999 xx 000 0 und d a344/C581r/2016 aCity montessory School (CMS) 0aReport 2016. International conference of chief justice of the world, 9-14 noviember, 2016. bIndiac2016